000 00778nam a2200253Ia 4500
003 OSt
005 20220928123943.0
006 a|||||r|||| 00| 0
007 ta
008 220927b |||||||| |||| 00| 0 eng d
024 _a58534
037 _cTextual
040 _aSDCL
_cSDCL
_beng
041 _2eng
_aeng
082 _aV73:3(X:89p)'N7, L6
100 _aCrane Edgar G
_9462549
245 0 _aState government productivity
_b The environment for improvement
260 _aNew York
_b Praeger Publishers
_c1976
300 _axv,265p
_ccm.
700 _a Lentz Bernard F
_9462550
700 _a Shafritz Jay M
_9462551
942 _hV73:3(X:89p)'N7, L6
_cTEXL
_2CC
999 _c775517
_d775517